00289nam a2200109Ia 4500008004100000041000800041082001700049100002000066245002800086260004100114300002400155240624s9999 xx 000 0 und d aeng a658.4093 SHA aSHARBUNO JEANNE a52 WAYS TO LIVE SUCCECC c2005aMumbaibJaico Publishing House a168 : p. : cm. ; 18